000 00505nam a22001697a 4500
003 MPLRDC
005 20220104150957.0
008 210129b ||||| |||| 00| 0 eng d
082 _a063.8864 RJ 2003
100 _a雪兰莪人镜合唱团
245 _a人镜慈善白话剧社合唱团复办三十周年纪念特刊;展翅2003年8月23日
_c
250 _a初版
260 _a
_b雪兰莪人镜合唱团
_c2003
300 _b
650 _a马来西亚普通会社
942 _cBK
_o063.8864 RJ 2003
999 _c52132
_d52122